|
|
|
|
| LEADER |
01594cam a2200325 a 4500 |
| 001 |
c000291196 |
| 003 |
CARM |
| 005 |
20090423163037.0 |
| 008 |
910524s1990 ne a b 100 0 eng d |
| 019 |
1 |
|
|a 7601021
|5 LACONCORD2021
|
| 020 |
|
|
|a 9061911192 (set)
|
| 035 |
|
|
|a (OCoLC)22873400
|5 LACONCORD2021
|
| 040 |
|
|
|a NWU
|b eng
|c NWU
|d VMOU
|d VCAV
|
| 082 |
0 |
4 |
|a 624.1897
|2 20
|
| 111 |
2 |
|
|a International Conference on Geotextiles, Geomembranes and Related Products
|n (4th :
|d 1990 :
|c The Hague)
|
| 245 |
1 |
0 |
|a Geotextiles, geomembranes and related products :
|b proceedings of the 4th International Conference on Geotextiles, Geomembranes and Related Products, The Hague, 28 May - 1 Junes 1990 /
|c editor: G. Den Hoedt.
|
| 260 |
|
|
|a Rotterdam :
|b Balkema,
|c 1990.
|
| 300 |
|
|
|a 3 v. :
|b ill. ;
|c 31 cm.
|
| 504 |
|
|
|a Includes bibliographical references.
|
| 650 |
|
0 |
|a Synthetic fabrics in building
|v Congresses.
|
| 650 |
|
0 |
|a Geotextiles
|v Congresses.
|
| 650 |
|
0 |
|a Geomembranes
|v Congresses.
|
| 700 |
1 |
|
|a Hoedt, G. Den.
|
| 852 |
8 |
|
|b CARM
|h A3:AE23C0
|i F06316
|p 0527207
|f BK
|
| 852 |
8 |
|
|b CARM
|h A3:AE23C0
|i F06316
|p 0527208
|f BK
|
| 852 |
8 |
|
|b CARM
|h A3:AE23C0
|i F06316
|p 0527209
|f BK
|
| 999 |
f |
f |
|i ccbeacef-26e3-51ce-a275-40f75da412eb
|s 236e49f4-5dbf-5317-809d-1f7ea3d0dc57
|
| 952 |
f |
f |
|p Can circulate
|a CAVAL
|b CAVAL
|c CAVAL
|d CARM 1 Store
|e F06316
|f A3:AE23C0
|h Other scheme
|i book
|j v.1
|m 0527207
|
| 952 |
f |
f |
|p Can circulate
|a CAVAL
|b CAVAL
|c CAVAL
|d CARM 1 Store
|e F06316
|f A3:AE23C0
|h Other scheme
|i book
|j v.3
|m 0527209
|
| 952 |
f |
f |
|p Can circulate
|a CAVAL
|b CAVAL
|c CAVAL
|d CARM 1 Store
|e F06316
|f A3:AE23C0
|h Other scheme
|i book
|j v.2
|m 0527208
|